Enseñad a todas las gentes / (Registro nro. 146539)
[ vista simple ]
| 000 -LEADER | |
|---|---|
| campo de control de longitud fija | 01054nam a2200265 i 4500 |
| 001 - NÚMERO DE CONTROL | |
| campo de control | 146539 |
| 003 - IDENTIFICADOR DE NÚMERO DE CONTROL | |
| campo de control | ES-MaACL |
| 005 - FECHA Y HORA DE LA ÚLTIMA TRANSACCIÓN | |
| campo de control | 20250828090945.0 |
| 007 - CAMPO FIJO DE DESCRIPCIÓN FÍSICA--INFORMACIÓN GENERAL | |
| campo de control de longitud fija | t| |
| 008 - DATOS DE LONGITUD FIJA--INFORMACIÓN GENERAL | |
| campo de control de longitud fija | 070910s1946 sp ||||1| spa d |
| 080 ## - NÚMERO DE LA CLASIFICACIÓN DECIMAL UNIVERSAL | |
| Número de la Clasificación Decimal Universal | 239(04) |
| 100 1# - ENTRADA PRINCIPAL--NOMBRE DE PERSONA | |
| Nombre de persona | Tóth, Tihamér. |
| 9 (RLIN) | 111109 |
| 245 10 - MENCIÓN DEL TÍTULO | |
| Título | Enseñad a todas las gentes / |
| Mención de responsabilidad, etc. | Monseñor Tihamér Tóth, obispo de Veszprém ; [traducción del original húngaro por D. Antonio Sancho]. |
| 260 ## - PUBLICACIÓN, DISTRIBUCIÓN, ETC. | |
| Lugar de publicación, distribución, etc. | Madrid : |
| Nombre del editor, distribuidor, etc. | Sociedad de Educación Atenas, |
| Fecha de publicación, distribución, etc. | [1946] |
| 300 ## - DESCRIPCIÓN FÍSICA | |
| Extensión | 155 p. ; |
| Dimensiones | 22 cm. |
| 490 1# - MENCIÓN DE SERIE | |
| Mención de serie | Razonemos nuestra fe ; |
| Designación de volumen o secuencia | 14 |
| 505 8# - NOTA DE CONTENIDO CON FORMATO | |
| Nota de contenido con formato | Contiene: El verdadero anillo, ¿dónde está? ; El sentido de la vida y del dolor ; El ideal moral, apreciado por el cristianismo y el budismo ; Escudo y espada |
| 650 #7 - PUNTO DE ACCESO ADICIONAL DE MATERIA--TÉRMINO DE MATERIA | |
| Término de materia o nombre geográfico como elemento de entrada | Vida |
| Fuente del encabezamiento o término | embne |
| 9 (RLIN) | 17793 |
| 650 #7 - PUNTO DE ACCESO ADICIONAL DE MATERIA--TÉRMINO DE MATERIA | |
| Término de materia o nombre geográfico como elemento de entrada | Moral cristiana |
| Fuente del encabezamiento o término | embne |
| 9 (RLIN) | 142371 |
| 700 1# - ENTRADA AGREGADA--NOMBRE PERSONAL | |
| Nombre de persona | Sancho Nebot, Antonio, |
| Fechas asociadas al nombre | 1884-1961 |
| 9 (RLIN) | 103048 |
| 710 2# - ENTRADA AGREGADA--NOMBRE DE ENTIDAD CORPORATIVA | |
| Nombre de entidad corporativa o nombre de jurisdicción como elemento de entrada | Sociedad de Educación Atenas |
| 9 (RLIN) | 6665 |
| 830 1# - PUNTO DE ACCESO ADICIONAL DE SERIE-TÍTULO UNIFORME | |
| Título uniforme | Razonemos nuestra fe ; |
| Designación de volumen o secuencia | 14 |
| 9 (RLIN) | 182561 |
| 852 ## - LOCALIZACIÓN | |
| Ubicación | ES-MaACL |
| Número de control de estantería | C-4086 |
| Estatus retirado | Estado de pérdida | Estado de daño | No para préstamo | Biblioteca de origen | Biblioteca actual | Ubicación en estantería | Fecha de adquisición | Fuente de adquisición | Total de préstamos | Signatura topográfica completa | Código de barras | Visto por última vez | Precio de reemplazo | Tipo de ítem Koha |
|---|---|---|---|---|---|---|---|---|---|---|---|---|---|---|
| Biblioteca del Ateneo de Madrid | Biblioteca del Ateneo de Madrid | Sala Palomar | 17/01/2008 | C-4086 | 1152946 | 23/02/2023 | 23/02/2023 | Libro impreso |
